| 000 | 00680nam a22002177a 4500 | ||
|---|---|---|---|
| 003 | DO-SdBNP | ||
| 005 | 20171128110324.0 | ||
| 008 | 171128b 1967 ||||| |||| 00| 0 spa d | ||
| 040 |
_aBPMSU _bspa _cBPMSU |
||
| 092 |
_axxxx _bxxxx |
||
| 100 | 1 | _aEinaudi, Luigi | |
| 245 | 1 | 0 |
_aLezioni di politica sociale / _cLuigi Einaudi ; Nota introduttiva di Federico Caffè. |
| 260 |
_aTorino : _bGiulio Einaudi editore, _c1967. |
||
| 300 |
_axiv, 338 p. ; _c18 cm. |
||
| 490 | 1 |
_aNuova universale Einaudi _v53 |
|
| 700 | 1 | _aCaffè, Federico | |
| 830 |
_aNuova universale Einaudi _v43 |
||
| 942 |
_2ddc _cBK |
||
| 945 | _aInventariado 2017 /LP | ||
| 956 |
_aLOPEREZ _b10 _c20171128 _h0041 |
||
| 999 |
_c13158 _d13158 |
||